Name All Serie A Teams 24/25 - Statistics

General Stats
  • This quiz has been taken 29 times
  • The average score is 15 of 20
Answer Stats
Answer % Correct
Inter Milan
100%
Napoli
100%
Roma
100%
AC Milan
95%
Juventus
95%
Lazio
91%
Bologna
86%
Fiorentina
86%
Atalanta
77%
Cagliari
77%
Como
77%
Torino
77%
Verona
68%
Monza
64%
Udinese
64%
Venezia
59%
Parma
50%
Empoli
45%
Genoa
45%
Lecce
45%
No matching quizzes found
Score Distribution
Percent of People with Each Score
Percentile by Number Answered
Your Score History
You have not taken this quiz